000 00621cam a2200217 4500500
005 20260405001958.0
041 _afre
042 _adc
100 1 0 _aPersonne, Thomas
_eauthor
245 0 0 _aLe Relativisme moral
260 _c2015.
500 _a18
690 _aMorale
690 _arelativisme
690 _aRelativisme moral
690 _aRuwen Ogien
690 _aSteven Lukes
690 _aUniversalisme
786 0 _nPhilosophie magazine | 88 | 4 | 2015-04-01 | p. 73-75 | 1951-1787
856 4 1 _uhttps://shs.cairn.info/magazine-philosophie-magazine-2015-4-page-73?lang=fr&redirect-ssocas=7080
999 _c2052941
_d2052941